Statistics for City by neighborhood

Click here to take the quiz!

General Stats

  • This quiz has been taken 32 times
  • The average score is 10 of 15

Answer Stats

Neighborhood City % Correct
Bel AirLos Angeles
100%
Notting HillLondon
97%
MontmartreParis
93%
KreuzbergBerlin
90%
Greenwich VillageNew York City
90%
RecoletosMadrid
80%
SloterdijkAmsterdam
73%
BornBarcelona
63%
The LoopChicago
60%
Barrio AltoLisbon
57%
BreraMilan
53%
CanareggioVenice
50%
North EndBoston
47%
Armenian quarterJerusalem
43%
PlakaAthens
37%

Score Distribution

Percentile by Number Answered

Percent of People with Each Score

Your Score History

You have not taken this quiz